000 00960nam a2200337Ia 4500
003 OSt
005 20220912144022.0
006 a|||||r|||| 00| 0
007 ta
008 220909b |||||||| |||| 00| 0 eng d
020 _a9781284108293 (pbk)
024 _a197987
037 _b2592, 13/09/2017, The Book Seller
037 _cTextbook
040 _beng
041 _aeng
082 _aH413, Q3;Q8;1
100 _aMartin Ronald
245 0 _aEarth's evolving systems: The history of planet earth
250 _a2
260 _aBurlington
_bJones & Barllett
_c2018
300 _axxii,615p. col.ill.
_ccm
500 _aGlossary 563-592p.; Index 593-615p.
650 _a Earth systems
650 _a Humans and the environment
650 _a Phanerozoic
650 _a Precambrian
650 _aGeology
942 _hH413, Q3;Q8;1
_cTB
_2CC
999 _c1001
_d1001